000 00665nam a22002770a 4500
001 UByD000657
003 AR-LpoUNG
005 20220619153808.0
008 220618s2007||||ag |||||||||||||||||spa d
020 _a9789508041807
_c$
040 _aAR-LpoUNG
_bspa
_cAR-LpoUNG
_eaacr
041 _aspa
044 _aag
082 0 _aA861 978vig
100 1 _aPugliese, María
245 1 0 _aVigías en la noche
250 _a1ra. ed.
260 _aBuenos Aires :
_bÚltimo Reino,
_c2007.
300 _a96 p.
650 4 _aARGENTINA
650 4 _aLITERATURA
650 4 _aPOESIA
653 _aLITERATURA ARGENTINA
905 _a55136
942 _cLIB
_2ddc
999 _c63342
_d63342